000 00403pam a2200157 a 4500
020 _a9781416056508
_c
041 _aeng
082 _a617.3
_bSAF
100 _aSAFRAN M.R.ZACHAZEWSKI J.,STONE D.A.
245 _aINSTRUCTIONS FOR SPORTS MEDICINE PATIENTS + DVD
_hTextual Documents
250 _a2.
260 _bSAUNDERS
_c2012
300 _a1309:
_bXV;
_cPB+
_eDVD.
930 _a6880
999 _c801407
_d801407
650 _aORTHO